Manual para el uso del programa de estabilidad transitoria

Gespeichert in:
Bibliographische Detailangaben
1. Verfasser: Retana R, Ismael
Weitere Verfasser: Guevara, Henry
Format: Buch
Veröffentlicht: [San José, Costa Rica] : Universidad de Costa Rica, Vicerrectoría de Investigación, Escuela de Ingeniería Eléctrica 1989
Tags: Tag hinzufügen
Keine Tags, Fügen Sie den ersten Tag hinzu!

MARC

LEADER 00000nam a2200000Ia 4500
003 PI0083
005 20240424154817.0
008 140116s1989 c a 000 ||s d
040 |c cru CEDI 
090 |a PI-83 
100 |a Retana R, Ismael   |9 3604 
245 |a Manual para el uso del programa de estabilidad transitoria 
260 |a [San José, Costa Rica] : Universidad de Costa Rica, Vicerrectoría de Investigación, Escuela de Ingeniería Eléctrica  |c 1989 
300 |c 38 hojas  
500 |a Informe final proyecto de investigación . VI 322-85-024 
700 |9 18144  |a Guevara, Henry 
942 |c PI  |h PI-83  |i PI0083  |6 PI_83_PI0083 
999 |c 13244  |d 13244